Το όνομα του ρόδου / (Record no. 10038)
[ view plain ]
| 000 -LEADER | |
|---|---|
| fixed length control field | 03013nam a22002897a 4500 |
| 003 - ΤΑΥΤΟΤΗΤΑ ΤΟΥ ΑΡΙΘΜΟΥ ΕΛΕΓΧΟΥ | |
| Πεδίο ελέγχου | GR-AtMCL |
| 005 - ΗΜΕΡΟΜΗΝΙΑ ΚΑΙ ΩΡΑ ΤΕΛΕΥΤΑΙΑΣ ΕΝΗΜΕΡΩΣΗΣ | |
| Πεδίο ελέγχου | 20260113110331.0 |
| 006 - FIXED-LENGTH DATA ELEMENTS--ADDITIONAL MATERIAL CHARACTERISTICS | |
| Πεδίο ελέγχου σταθερού μήκους | a|||||r||||||||||| |
| 008 - FIXED-LENGTH DATA ELEMENTS--GENERAL INFORMATION | |
| Πεδίο ελέγχου σταθερού μήκους | s2025||||gr a|||g b||| 000 1 gre d |
| 020 ## - ISBN | |
| ISBN | 9789604960729 |
| 040 ## - ΠΗΓΗ ΚΑΤΑΛΟΓΟΓΡΑΦΗΣΗΣ | |
| Φορέας πρωτότυπης καταλογογράφησης | MC Athens Campus Library |
| Γλώσσα καταλογογράφησης | Ελληνικά, Μοντέρνα (1453-) |
| Modifying agency | MC Athens Campus Library |
| Κανόνες περιγραφικής καταλογογράφησης | AACR2 |
| 041 1# - ΓΛΩΣΣΑ | |
| Κωδικός γλώσσας πρωτότυπου | Ιταλικά |
| 100 1# - MAIN ENTRY--PERSONAL NAME | |
| Personal name | Eco, Umberto |
| 9 (RLIN) | 5242 |
| 245 13 - ΤΙΤΛΟΣ ΚΑΙ ΔΗΛΩΣΗ ΥΠΕΥΘΥΝΟΤΗΤΑΣ | |
| Τίτλος | Το όνομα του ρόδου / |
| Statement of responsibility, etc. | Ουμπέρτο Έκο ; μετάφραση Έφη Καλλιφατίδη |
| 250 ## - EDITION STATEMENT | |
| Edition statement | 3η έκδ. |
| 260 ## - PUBLICATION, DISTRIBUTION, ETC. | |
| Place of publication, distribution, etc. | Αθήνα : |
| Name of publisher, distributor, etc. | Ψυχογιός, |
| Date of publication, distribution, etc. | 2011 |
| 300 ## - PHYSICAL DESCRIPTION | |
| Extent | 724 σ. : |
| Other physical details | εικ. ; |
| Διαστάσεις | 21 εκ. |
| 500 ## - GENERAL NOTE | |
| Γενική σημείωση | Τίτλος πρωτοτύπου: Il nome della rosa |
| 500 ## - GENERAL NOTE | |
| Γενική σημείωση | Το κείμενο είναι μεταφρασμένο από τα ιταλικά |
| 504 ## - ΣΗΜΕΙΩΣΗ ΒΙΒΛΙΟΓΡΑΦΙΑΣ κλπ. | |
| Σημείωση βιβλιογραφίας, κλπ. | Περιέχει βιβλιογραφίες |
| 520 ## - SUMMARY, ETC. | |
| Summary, etc. | Η προτροπή ανήκει στον Αλμπέρ Καμύ και φαίνεται ότι ακριβώς αυτήν αποφάσισε να ακολουθήσει ο Ουμπέρτο Έκο όταν, πριν από σαράντα χρόνια, ήδη καθιερωμένος ως ακαδημαϊκός, στοχαστής και δοκιμιογράφος, έκανε την πρώτη του εμφάνιση στο χώρο της μυθοπλασίας με Το Όνομα του Ρόδου.<br/><br/>Έργο συγκεντρωτικό και φυγόκεντρο, καμωμένο από μια ετερόκλητη πρώτη ύλη που η εύθυμη μαεστρία του Έκο καταφέρνει να συναρμόσει δημιουργικά, Το Όνομα του Ρόδου εξακολουθεί να μας σαγηνεύει, ακριβώς εξαιτίας αυτής της απροσδιόριστης μορφής που του επιτρέπει να διατελεί στα όρια ανάμεσα στο μυστηριώδες και το αυτονόητο, το αποκρυμμένο και το προφανές, το περιπετειώδες και το αφηρημένο ή το ιδεολογικό.<br/>Ελλειπτικό επειδή είναι σωρευτικό ιδιαίτερων ιστορικών -και όχι μόνο- γνώσεων και πληροφοριών, γκρίζο επειδή είναι πλήρες χρωμάτων και ενός απρόσμενου διακόσμου, ανεπίκαιρο και διαχρονικό επειδή εγκαθίσταται σε χρονικές τομές και εγγράφει την αστυνομική, καταιγιστική του πλοκή μέσα στην Ιστορία, το πρώτο μυθιστόρημα του Έκο λειτουργεί, πλέον, ως σημείο αναφοράς για την παγκόσμια λογοτεχνία. |
| 650 #0 - SUBJECT ADDED ENTRY--TOPICAL TERM | |
| Topical term or geographic name entry element | Ιταλική λογοτεχνία |
| 9 (RLIN) | 10251 |
| 653 ## - INDEX TERM--UNCONTROLLED | |
| Μη ελεγχόμενοι όροι | Λογοτεχνία |
| 700 ## - ΠΡΟΣΘΕΤΗ ΑΝΑΓΡΑΦΗ--ΦΥΣΙΚΟ ΠΡΟΣΩΠΟ | |
| Personal name | Καλλιφατίδη, Έφη |
| Dates associated with a name | 1954-2018 |
| 9 (RLIN) | 10252 |
| 942 ## - ADDED ENTRY ELEMENTS (KOHA) | |
| Koha item type | Books |
| Τύπος τεκμηρίου | Βιβλιοθήκη | Τρέχουσα τοποθεσία | Barcode | Αριθμός εισαγωγής | Ημερομηνία απόκτησης | Ταξιθετικό σύμβολο | Αριθμός αντιτύπου | Κατάσταση απόσυρσης | Κατάσταση χαμένου | Κατάσταση κατεστραμμένου | Μη δανεισμός | Σύνολο δανεισμών | Ημερομηνία τελευταίας εμφάνισης | Η τιμή ισχύει από |
|---|---|---|---|---|---|---|---|---|---|---|---|---|---|---|
| Books | MC Athens Campus Library | MC Athens Campus Library | 9780000100467 | 8239 | 13/01/2026 | 853.914 ΕΚΟ | 1 | 13/01/2026 | 13/01/2026 |